00521nam a22001697a 450000500170000001000130001702000260003003500110005603700130006708200080008010000280008824500600011624600440017626000510022027000570027130000230032820211118111045.0 aUR-11326 c250.00a9789388736589 aU-9881 bDBAD/PUB a841 aا ر ما ن نجمی  aا فتا د گی کے بعد cا ر ما ن نجمی  aUftadgi Ke Baad (Urdu)bby Arman Najmi  aN.Delhic2019 ءbEducational Publishing House aD1/16,Ansari Road,Darya Ganj,bNew Delhie110002l - a224 ص c22 Cm(Hb)